00549nam a2200181Ia 4500008004100000020001800041082002100059100002400080245004200104250000600146260003900152300001600191500002400207650001000231942000700241952010200248999001700350230524s9999 xx 000 0 und d a9789382332206 a620.0015154bGOD aP.N. Godbole942908 0aIntroduction To Finite Element Method a1 aNew DelhibI.K.Internationalc2013 a"XIV,385p;" aQuantity Number: 1 aCivil cBK 00104070aTATCLbTATCLcGENd2023-05-24l0o620.00151535 GODp54169r2023-05-24w2023-05-24yBK c57876d57876